| 000 | 00487nam a2200205Ia 4500 | ||
|---|---|---|---|
| 008 | 240509s9999 xx 000 0 und d | ||
| 020 | _a9788120334953 | ||
| 041 | _aEng | ||
| 082 | _a005.133 | ||
| 082 | _bD23 | ||
| 100 | _aDEITEL. P.J. & DEITEL, H.M. | ||
| 245 | 0 | _aC How to Program :( With CD) | |
| 250 | _a5th ed. | ||
| 260 | _bNew Delhi : Prentice Hall | ||
| 260 | _c2007 | ||
| 300 | _a1130 p. | ||
| 650 | _aC : Programming Languages | ||
| 942 | _2ddc | ||
| 942 | _cRBK | ||
| 999 |
_c22168 _d22168 |
||
| 945 |
_a1 _bMadushi Gamage _c1 _dMadushi Gamage |
||